Pattern of diplomatic thinking: a cross-national study of structural and socio-psychological determinants (Record no. 352478)

000 -LEADER
fixed length control field 00402cam a22001217a 4500
008 - FIXED-LENGTH DATA ELEMENTS--GENERAL INFORMATION
fixed length control field 180718b1979 xxu||||| |||| 00| 0 eng d
082 ## - DEWEY DECIMAL CLASSIFICATION NUMBER
Classification number D R33
100 ## - MAIN ENTRY--PERSONAL NAME
Personal name Reychler, Luc
245 ## - TITLE STATEMENT
Title Pattern of diplomatic thinking: a cross-national study of structural and socio-psychological determinants
Statement of responsibility, etc. by Luc Reychler
260 ## - PUBLICATION, DISTRIBUTION, ETC.
Place of publication, distribution, etc. New York
Name of publisher, distributor, etc. Praeger
Date of publication, distribution, etc. 1979
300 ## - PHYSICAL DESCRIPTION
Extent 295p.
650 ## - SUBJECT ADDED ENTRY--TOPICAL TERM
Topical term or geographic name entry element International relations
Holdings
Withdrawn status Lost status Damaged status Not for loan Permanent Location Current Location Date acquired Full call number Barcode Date last seen Price effective from Koha item type
        Indian Institute of Public Administration Indian Institute of Public Administration 1993-11-23 D R33 55796 2018-07-21 2018-07-21 Book

Powered by Koha